[Event "Hoogeveen Essent Crown"]
[Site "Hoogeveen"]
[Date "2003.10.13"]
[Round "2"]
[White "Sokolov, Ivan"]
[Black "Karpov, Anatoly"]
[Result "1/2-1/2"]
[WhiteElo "2695"]
[BlackElo "2693"]
[Annotator "Postny,E"]
[PlyCount "91"]
[EventDate "2003.10.12"]
[EventType "tourn"]
[EventRounds "6"]
[EventCountry "NED"]
[EventCategory "18"]
[SourceTitle "CBM 098"]
[Source "ChessBase"]
[SourceDate "2004.02.03"]
[SourceVersion "1"]
[SourceVersionDate "2004.02.03"]
[SourceQuality "1"]

1. d4 Nf6 2. c4 e6 3. Nc3 Bb4 4. Qc2 O-O 5. e4 d6 ({More aggressive
alternative is} 5... d5) 6. a3 (6. e5 dxe5 7. dxe5 Ng4 8. Nf3 Nc6 9. Bf4 Nd4
10. Qe4 c5 11. h3 f5 12. Qd3 Nxf3+ 13. Qxf3 Nh6 14. Be2 $14 {1-0 Karpov,
A-Almasi,Z/Monte Carlo 2001/CBM 81 ext (38)}) 6... Bxc3+ 7. bxc3 e5 8. Bd3 Nc6
(8... c5 9. Ne2 Nc6 10. d5 Ne7 11. f3 Nd7 12. h4 Nb6 13. g4 $14 {1-0
Capablanca,J-Ragozin,V/Moscow 1935/HCL (49)}) 9. Ne2 b6 (9... Na5 10. O-O c5
11. f4 b5 12. fxe5 Nd7 13. cxb5 c4 14. exd6 cxd3 15. Qxd3 Nb3 16. Rb1 Nxc1 17.
Rfxc1 $16 {1-0 Gaprindashvili,V-Kurajica,B/Benasque 1999/EXT 2001 (24)}) 10.
O-O Ba6 11. f4 Nd7 12. Be3 Na5 13. c5 $1 Bc4 (13... Bxd3 14. Qxd3 exd4 (14...
bxc5 15. dxe5 Nb6 $14) 15. cxd4 dxc5 (15... bxc5 16. dxc5 Nxc5 17. Bxc5 dxc5
18. Qc3 c6 19. Rad1 Qc7 20. Ng3 $36 {1-0 Soppe,G-Monier,R/Buenos Aires 1998/
CBM 67 ext (26)}) 16. dxc5 $6 (16. d5 $5 $44) 16... Nxc5 17. Qxd8 Rfxd8 18.
Bxc5 bxc5 19. Rfd1 Nb3 $15 {1/2-1/2 Sarkar,J-Browne,W/Seattle 2003 (35)}) 14.
cxd6 cxd6 15. Ng3 {It's curious that the opponents are following the game
Short-Karpov (see below). Objectively speaking, the position looks much more
attractive for white. On the other hand, it seems that Karpov believes in
black's defensive resources and this time, Karpov indeed, defended this
position more successfully.} Qc7 16. Nf5 f6 $146 (16... Kh8 17. Rf3 Rac8 18.
Raf1 f6 19. Bf2 b5 20. Bg3 a6 21. h4 Bf7 22. Be1 Nb6 23. Qf2 Nac4 24. Rg3 g6
25. Nh6 Be6 26. f5 $16 {1-0 Short,N-Karpov,A/Dortmund 1997/CBM 60 [Tsesarsky] 
(44)}) 17. Rf3 Rf7 $1 {This is good defensive plan. It is important for black
to protect Pg7. Still, white has nice attacking prospects on the kingside.} 18.
Raf1 Kh8 19. h4 Rc8 (19... d5 $6 20. Bxc4 Nxc4 21. fxe5 fxe5 22. exd5 $16) 20.
h5 Be6 21. Ba6 (21. fxe5 fxe5 22. h6 g6 {leads to similar position, that
arised in the game a bit later.}) 21... Rcf8 (21... Qxc3 $2 22. Qxc3 Rxc3 23.
Nxd6 $18) (21... Bxf5 $2 22. Bxc8 Bg4 23. Rg3 $16) 22. fxe5 fxe5 23. h6 g6 24.
Ng7 (24. d5 Bxf5 25. exf5 g5 $1 26. Bxg5 Nf6 {and black has good compensation
for the pawn.}) 24... Bc4 25. Rxf7 Rxf7 26. Rxf7 Bxf7 27. d5 Qd8 $2 ({Much
stronger was} 27... Kg8 {Black's queen is putting pressure on c3.} 28. Be2 {
[%cal Ge2g4]} Qd8) 28. Qf2 {Now white's queen joins the attack and black finds
himself in serious trouble.} Qe7 29. Bb5 Nc5 30. Qf3 Kg8 31. Qg4 Qc7 32. Qh4
Nab7 33. Bc6 Qc8 (33... Na5 $2 34. Bxc5 {followed by 35.Qf6+-.}) 34. Kh2 (34.
Qf6 Qd8 (34... Nxe4 35. Bxb7 $18) 35. Ne8 Qxf6 36. Nxf6+ Kh8 37. Kf2) 34... Qd8
35. Bg5 Qc8 $6 ({More stubborn was} 35... Qc7 36. Be7 $140 $2 Nxe4) 36. Be7 {
Black is not able to defend his weak dark squares.} g5 37. Bxg5 Bg6 38. Be7 $6
(38. Ne6 $6 Nxe6 39. Bxb7 Qxb7 40. Be7 {[%cal Gh4f6]} Kf7 41. dxe6+ Kxe6 42.
Qf6+ Kd7 43. Qxd6+ Ke8 {and white still has a lot of work to do in order to
win this endgame.}) ({The most convincing and elegant way to a win was:} 38.
Be8 $3 Bxe8 (38... Nxe4 39. Bxg6 $18) (38... Bxe4 39. Be7 $18 {[%cal Rh4f6]})
39. Nf5 Qc7 40. Ne7+ Kf8 41. Qf2+ Bf7 42. Qf6 Ke8 43. Qh8+ Kd7 44. Qxh7 $18)
38... Nxe4 39. Bxb7 $2 {This move spoiles all of white's advantage.} (39. Nh5
$1 Kf7 (39... Qf5 {[%tqu "En","Find the winning move.","","","c6d7","",10]} 40.
Bd7 $1 Qxh5 (40... Qxd7 41. Nf6+ Nxf6 42. Qxf6 $18) 41. Be6+ Kh8 42. Qxh5 Bxh5
43. Bf8 {mating.}) 40. Nf6 Qc7 41. Nxe4 Qxe7 42. Qf2+ Kg8 43. Nf6+ Kh8 44. Bxb7
Qxb7 45. Nd7 $18) 39... Qxb7 40. c4 (40. Bxd6 Nxd6 41. Qd8+ Kf7 42. Qxd6 Qe7
$11) 40... Qc7 {The critical f6 square is under control, so black is safe now.}
41. Ne6 Qd7 42. Bf8 Kf7 43. Bg7 Ke8 44. Qg4 Qf7 45. Qh4 Qe7 46. Qg4 1/2-1/2

[Event "Rohde op 09th"]
[Site "Sautron"]
[Date "2009.10.28"]
[Round "6"]
[White "Spassov, Liuben"]
[Black "Maiorov, Nikita"]
[Result "1-0"]
[WhiteElo "2434"]
[BlackElo "2513"]
[Annotator "Primel,D"]
[PlyCount "107"]
[EventDate "2009.10.24"]
[EventType "swiss"]
[EventRounds "9"]
[EventCountry "FRA"]
[SourceTitle "EXT 2010"]
[Source "ChessBase"]
[SourceDate "2010.11.25"]
[SourceVersion "1"]
[SourceVersionDate "2010.11.25"]
[SourceQuality "1"]

1. d4 Nf6 {01h40} 2. c4 e6 3. Nf3 b6 4. Nc3 Bb4 5. Qc2 {une ligne rare} (5. Bg5
{la grande ligne}) 5... Bb7 6. a3 Bxc3+ 7. Qxc3 O-O 8. g3 (8. e3) (8. Bg5) 8...
c5 $1 $11 {[%cal Gb7h1] 01h34} 9. dxc5 bxc5 (9... Ne4 $5 {[%cal Ge4c3,Ge4c5]})
10. Bg2 a5 {01h27} (10... d6) 11. b3 Nc6 $146 (11... Qb6 $1 12. O-O Nc6 13. Rd1
d5 (13... e5 $5 {[%cal Gc6d4]} 14. Nxe5 Nd4 $44 {[%csl Rc3,Re2][%cal Gd4e2]})
14. cxd5 exd5 15. Qc2 Rfe8 16. e3 d4 17. Bb2 dxe3 18. Bxf6 {1/2-1/2 Salov,V 
(2665)-Ehlvest,J (2605)/Reykjavik 1991/CBM 026}) 12. O-O d6 (12... Ne4 13. Qc2
f5 $132) 13. Bb2 Ra6 $6 {[%csl Ra6] un coup bizarre} (13... Qb6 $142 14. Rfd1
Rfd8 15. Rd2 e5 $1 {[%cal Gc6d4]}) 14. Qc2 Qe7 15. Rad1 h6 {50mns} (15... e5 {
[%cal Gc6d4]} 16. e3 Nd8 {[%cal Gd8e6]} 17. Nh4 {[%csl Gf5]} Bxg2 18. Kxg2 Qb7+
19. Kg1 Ne6 $132) 16. Rd2 a4 17. bxa4 Na5 18. Bxf6 Qxf6 19. Rb1 Bc6 (19... Qg6
20. Qxg6 fxg6) 20. Ne1 Bxg2 {40} 21. Kxg2 Nc6 22. Nf3 Qe7 (22... Nd4 23. Nxd4
cxd4 24. Rb4) 23. Qd1 Rd8 24. Rb5 Na5 25. Qc2 Rda8 $6 {25} 26. Qe4 Nc6 27. Rdb2
Nd8 (27... f5 $142) 28. Rb8 Rxb8 29. Rxb8 Qc7 30. Qb1 $16 {[%csl Ra6] La Ra6
n'a pas bougé depuis le 13ème coup...} Kf8 {21} 31. Qb3 Ra7 {Reconnaissant que
Ra6 était douteux} 32. h4 Ke7 33. Rb5 Nc6 {16} 34. e3 Qc8 35. Qb2 Qa8 {10} 36.
Kg1 Rxa4 $2 (36... e5 37. Rb6 Nd8 $132) (36... g6) 37. Rb7+ $40 {[%csl Re7]}
Kf8 38. Qb6 Ra7 39. Rxa7 Nxa7 40. Qxd6+ Kg8 41. Ne5 Qb7 42. Qxc5 f6 43. Ng6
Qb1+ 44. Kh2 Qxg6 45. Qxa7 Qc2 46. Qa8+ Kh7 47. Kg2 Qxc4 48. a4 e5 49. a5 f5
50. a6 f4 51. exf4 exf4 52. a7 fxg3 53. Qf3 gxf2 54. Qf5+ 1-0

[Event "Sautron op 15th"]
[Site "Sautron"]
[Date "2015.10.27"]
[Round "5.1"]
[White "Zubarev, Alexander2"]
[Black "Le Roux, Jean Pierre"]
[Result "1/2-1/2"]
[WhiteElo "2542"]
[BlackElo "2572"]
[Annotator "Primel,D"]
[PlyCount "112"]
[EventDate "2015.10.24"]
[EventType "swiss"]
[EventRounds "9"]
[EventCountry "FRA"]
[SourceTitle "CBM 169 Extra"]
[Source "ChessBase"]
[SourceDate "2015.12.18"]
[SourceVersion "1"]
[SourceVersionDate "2015.12.18"]
[SourceQuality "1"]
[TimeControl "40/5400+30:1800+30"]
[WhiteClock "0:06:31"]
[BlackClock "0:03:45"]

1. d4 {[%emt 0:00:00]} Nf6 {[%emt 0:00:00]} 2. c4 {[%emt 0:00:02]} e6 {[%emt 0:
00:00]} (2... g6 {Le second répertoire du breton}) 3. Nc3 {[%emt 0:00:06]} Bb4
{[%emt 0:00:03]} 4. Qc2 {[%emt 0:00:21]} d6 $5 {[%emt 0:00:17] Une ligne
secondaire} (4... O-O 5. a3 (5. e4 d5 6. e5 Ne4 7. Bd3 c5 8. Nf3 cxd4 9. Nxd4
Nd7 (9... Nc5 10. Bxh7+ Kh8 11. Nf3 d4 12. Bg5 f6 $13)) 5... Bxc3+ 6. Qxc3 b6
7. Bg5 Bb7 (7... Ba6) (7... c5) (7... h6) 8. f3 {[%cal Ge2e4]} h6 9. Bh4 d5 (
9... d6 10. e3) 10. e3 Nbd7 11. cxd5 Nxd5 12. Bxd8 Nxc3 13. Bh4 Nd5 14. Bf2 c5
(14... f5 15. Bb5 c6 16. Bd3 (16. Ba4 e5 17. Ne2 Rae8 18. Kd2 $13 {Miron,L 
(2544)-Jianu,V (2560) Condom op 12th 2013 (5) 1/2}) 16... e5 17. Ne2 Rae8 (
17... e4 18. fxe4 fxe4 19. Bxe4 Nxe3 20. Bxe3 Rae8 $36 {[%csl Re1]})) 15. e4 (
15. Bb5) 15... Ne7 16. Ne2 Rac8 17. Nc3 cxd4 18. Bxd4 Nc5 19. Rd1 Rfd8 $32) (
4... d5) 5. Nf3 {[%emt 0:00:51]} (5. a3) (5. Bg5) 5... Nbd7 {[%emt 0:00:07]} (
5... Nc6 {Plus courant} 6. Bd2 O-O 7. a3 Bxc3 8. Bxc3 Qe7 {[%cal Ge6e5]} (8...
a5 {[%cal Ga5a4]})) 6. Bd2 {[%emt 0:02:47][%cal Ga2a3] Un coup un peu trop
lent qui ne pose pas trop de problèmes aux Noirs pour égaliser} (6. g3 $142
b6 7. Bg2 Bb7 8. O-O O-O 9. Rd1 $14 {Topalov,V (2793)-Grischuk,A (2779)
Thessaloniki FIDE GP 2013 (1) 1/2}) 6... b6 {[%emt 0:08:21] La ligne
secondaire Bd2 a surpris un peu les Noirs qui commencent а réfléchir} 7. e3 {
[%emt 0:33:31] Curieusement, l'ukrainien va dépenser plus d'une 1/2 h sur
cette position théorique et c'est le signe d'une préparation non réussie} (
7. e4 $142 Bb7 8. Bd3 e5 9. d5 a5 10. b3 O-O 11. a3 Bxc3 12. Bxc3 Nc5 13. O-O
Nh5 14. b4 Nxd3 15. Qxd3 Nf4 16. Qc2 Bc8 17. Bd2 Qf6 18. Bxf4 Qxf4 19. Nd2 f5
20. b5 fxe4 21. Nxe4 Bf5 22. Rae1 Rf7 23. Re3 Raf8 24. Qe2 Qh6 25. f3 Bg6 26.
g3 Bf5 27. h4 Bxe4 28. Rxe4 Rf5 29. Kg2 Qg6 30. Qe3 Rf4 31. Rf2 R8f5 32. Kh2
Rxe4 {1/2-1/2 (32) Fridman,D (2648)-Fedorchuk,S (2660) Beer Sheva 2013}) 7...
Bb7 {[%emt 0:01:22]} 8. a3 {[%emt 0:06:36]} Bxc3 {[%emt 0:01:10]} 9. Bxc3 {
[%emt 0:00:04]} Ne4 {[%emt 0:09:43]} 10. Bd3 {[%emt 0:10:29]} Nxc3 {[%emt 0:02:
17]} (10... f5 $5 {Thématique dans ce genre de structure} 11. d5 Ndc5 $132)
11. bxc3 $146 {[%emt 0:00:09] Bizarre après avoir joué Qc2} (11. Qxc3 Nf6 12.
O-O Bxf3 13. gxf3 O-O 14. Rfe1 Nh5 15. Bf1 Qg5+ 16. Bg2 f5 17. f4 Qg6 18. Kf1
Rae8 19. Rad1 Nf6 20. b4 Qh5 21. h3 Ne4 22. Bxe4 fxe4 23. Kg2 Qf3+ 24. Kf1 Rf6
25. Re2 Qh1# {0-1 (25) Nowak,T-Lankof,P Leba 2009}) 11... Qe7 $1 $11 {[%emt 0:
15:10][%cal Ge6e5,Ge5e4]} (11... Nf6 12. O-O O-O 13. a4 a5 14. Rab1 {[%cal
Gc4c5]} Qe7 $132) 12. Be4 $5 {[%emt 0:09:59]} Bxe4 {[%emt 0:03:44]} 13. Qxe4 {
[%emt 0:00:05]} O-O {[%emt 0:00:23]} 14. Qc6 $1 {[%emt 0:00:13]} Nf6 {[%emt 0:
00:48]} 15. a4 {[%emt 0:00:17]} Qd7 {[%emt 0:22:12]} (15... a5) 16. Qxd7 {
[%emt 0:00:33]} Nxd7 {[%emt 0:00:03][%cal Ga7a5]} 17. a5 $1 {[%emt 0:02:46]} (
17. O-O $143 a5 $15 {[%csl Ra4]}) 17... Rfb8 {[%emt 0:00:39]} 18. axb6 {
[%emt 0:01:40]} Rxb6 $5 {[%emt 0:04:01][%csl Ga7][%cal Ga7a5]} (18... axb6 {
Plus naturel mais les R Noires sont assez mal placées} 19. Ke2 $14 {[%csl Rb8]
}) 19. Ke2 {[%emt 0:01:11]} Kf8 {[%emt 0:04:14]} 20. Ra2 {[%emt 0:04:32]} a5 {
[%emt 0:03:06]} 21. Rha1 {[%emt 0:01:33]} Rba6 {[%emt 0:00:12]} 22. Rb1 $14 {
[%emt 0:00:42]} R8a7 {[%emt 0:01:36]} (22... Ke7 23. Rb7 R6a7) 23. Kd3 {
[%emt 0:02:25]} Ke7 {[%emt 0:00:29]} 24. g4 $1 {[%emt 0:00:54]} h6 {[%emt 0:02:
22]} 25. h4 {[%emt 0:00:40]} a4 {[%emt 0:06:00]} 26. Nd2 {[%emt 0:00:45]} Ra5 {
[%emt 0:04:08] (=)} 27. f4 {[%emt 0:04:42] Les Blancs ont plus d'espace et ils
préfèrent continuer mais les chances de gains sont assez minimes.} g5 $1 {
[%emt 0:06:40]} 28. Nf3 {[%emt 0:00:48]} (28. hxg5 hxg5) 28... gxh4 {[%emt 0:
01:32]} 29. Rh1 {[%emt 0:01:09]} Kf8 {[%emt 0:02:52]} 30. Rxh4 {[%emt 0:00:14]}
Kg7 {[%emt 0:00:03] Il restait moins de 2 mns aux Noirs pour passer le
contrôle de temps} 31. g5 $6 {[%emt 0:06:01] L'inconvénient est de permettre
aux Noirs de se débarasser de la faiblesse "h6"} (31. Rah2 a3 32. Rxh6 a2 33.
Rh7+ Kf6 {[%cal Gf6e7]}) 31... hxg5 {[%emt 0:00:05]} 32. Nxg5 {[%emt 0:00:07]}
Nf8 {[%emt 0:01:46][%csl Gh7]} 33. Rh1 {[%emt 0:03:34]} Kf6 {[%emt 0:00:33]}
34. c5 $1 {[%emt 0:01:28]} dxc5 {[%emt 0:00:30]} 35. Ne4+ {[%emt 0:00:15]} Ke7
{[%emt 0:00:02]} 36. Nxc5 {[%emt 0:00:23]} Nd7 {[%emt 0:00:32]} 37. Nxd7 {
[%emt 0:04:28]} Kxd7 {[%emt 0:00:02]} 38. Rh7 {[%emt 0:00:07]} Ke7 {[%emt 0:00:
46]} 39. Kc4 $1 {[%emt 0:00:13][%cal Gc4b4]} R5a6 $1 {[%emt 0:00:51] Empêche
Kb4} 40. Rh5 {[%emt 0:00:00]} f5 {[%emt 0:00:00][%csl Re3]} 41. Rh1 {[%emt 0:
02:15]} Kd6 {[%emt 0:04:09]} 42. Ra3 {[%emt 0:03:20]} Ra5 {[%emt 0:04:44]} 43.
Rb1 {[%emt 0:03:15]} R7a6 {[%emt 0:01:30]} 44. Kd3 {[%emt 0:04:38]} c5 $1 {
[%emt 0:07:13]} 45. c4 {[%emt 0:00:49]} Kc6 {[%emt 0:01:36]} (45... cxd4 $143
46. exd4 {[%csl Gc4]}) 46. Kc3 {[%emt 0:03:52]} Ra8 {[%emt 0:04:31]} 47. Rh1 {
[%emt 0:01:28]} R5a7 {[%emt 0:01:03]} 48. Rh6 $1 {[%emt 0:01:06][%csl Re6]
[%cal Gh6c6]} Re7 {[%emt 0:00:22]} 49. d5+ {[%emt 0:02:02]} Kd7 {[%emt 0:01:04]
} 50. Kd3 {[%emt 0:01:57]} exd5 {[%emt 0:02:26]} 51. cxd5 {[%emt 0:00:29]} Rae8
$1 {[%emt 0:03:24]} 52. Kc4 {[%emt 0:05:22]} Rxe3 {[%emt 0:00:27]} 53. Rxe3 {
[%emt 0:00:22]} (53. Rxa4 R8e4+ 54. Kb5 Rb3+) 53... Rxe3 {[%emt 0:00:02]} 54.
Kxc5 {[%emt 0:00:14]} Re4 {[%emt 0:01:36]} 55. Rh7+ {[%emt 0:00:52]} Kc8 {
[%emt 0:01:18]} 56. Rh8+ {[%emt 0:02:48]} Kd7 {[%emt 0:00:09]} 1/2-1/2

[Event "Rohde op 08th"]
[Site "Sautron"]
[Date "2008.10.30"]
[Round "7"]
[White "Maiorov, Nikita"]
[Black "Monroy, Charles"]
[Result "1-0"]
[WhiteElo "2530"]
[BlackElo "2400"]
[Annotator "Primel,D"]
[PlyCount "61"]
[EventDate "2008.10.25"]
[EventType "swiss"]
[EventRounds "9"]
[EventCountry "FRA"]
[SourceTitle "EXT 2009"]
[Source "ChessBase"]
[SourceDate "2008.11.26"]
[SourceVersion "1"]
[SourceVersionDate "2008.11.26"]
[SourceQuality "1"]

1. d4 Nf6 2. c4 e6 3. Nc3 Bb4 4. Qc2 O-O 5. a3 Bxc3+ 6. Qxc3 d6 7. Nf3 (7. Bg5
{plus courant} Nbd7 8. e3 b6 9. Bd3) 7... Nbd7 8. g3 (8. Bg5) 8... b6 9. Bg2
Bb7 10. O-O a5 11. b3 Qe7 12. Bb2 Be4 {[%cal Ge4g6,Gd6d5] Un thème courant
mais Ne4 gagnant un tempo sur la Q pour jouer f5 et éviter la batterie sur g7
semble plus précis. Be4 permet également d'activer le B avant de jouer d6d5} (
12... Rfe8 {Kortschnoj,V (2575)-Karpov,A (2715) Biel 1992 (10) 0-1}) (12... Ne4
$5 {[%cal Ge4c3]} 13. Qc2 f5 {Riazantsev,A (2527)-Shengelia,D (2415) EU-ch 3rd
Batumi 2002 (4) 1/2}) 13. Rfd1 c6 (13... h6 14. Bh3 $1 {[%cal Gf3d2] Avec
l'idée Nd2 sans permettre l'échange des B} Rfe8 15. Nd2 Bb7 16. f3 $14 {
Kortschnoj,V (2610)-Akopian,V (2708) Carlsbad Czech Coal 2007 (3) 1/2}) 14. Bf1
d5 $5 $146 ({RR} 14... Rfc8 15. Nd2 Bg6 16. Rac1 Qf8 17. Bg2 d5 18. Nf1 b5 19.
Qd2 a4 20. cxb5 cxb5 21. bxa4 Rxa4 22. Rxc8 Qxc8 23. Rc1 Rc4 24. Ne3 Ne4 25.
Bxe4 Rxc1+ 26. Qxc1 Qxc1+ 27. Bxc1 Bxe4 28. Nd1 Bc2 29. Nc3 {Bernasek,J (2535)
-Polak,T (2538)/Havlickuv Brod 2008/CB10/1/2-1/2 (36)}) 15. Nd2 Bg6 16. Bg2 {
[%cal Gd1e1,Ge2e4]} Rfc8 17. Re1 {[%cal Ge2e4]} c5 $1 {[%cal Gc8c3] Il faut
réagir au centre avant la percée e2e4} 18. dxc5 (18. cxd5) 18... Nxc5 {[%cal
Gc5e4]} 19. Qe3 $1 $14 {[%csl Rb6]} Ra7 20. b4 $5 (20. Rac1) 20... Na4 21. Bxf6
Qxf6 22. cxd5 exd5 {[%csl Ra4,Rd5]} 23. Nb3 {[%csl Gd4]} Rac7 24. bxa5 $1 Rc3
$6 (24... bxa5 $142) 25. Qd4 Qxd4 26. Nxd4 $16 {[%csl Gd4]} bxa5 27. Bxd5 Nb6 (
27... Rd8 28. e4 $16) 28. Bf3 Nc4 29. a4 Nd2 30. Bb7 R8c5 $2 31. Red1 {[%csl
Rd8]} 1-0

[Event "ISR-ch op"]
[Site "Ramat Aviv"]
[Date "1999.04.07"]
[Round "8"]
[White "Yudasin, Leonid"]
[Black "Psakhis, Lev"]
[Result "0-1"]
[WhiteElo "2549"]
[BlackElo "2564"]
[Annotator "Psakhis,L"]
[PlyCount "106"]
[EventDate "1999.03.28"]
[EventType "swiss"]
[EventRounds "9"]
[EventCountry "ISR"]
[SourceTitle "CBM 070"]
[Source "ChessBase"]
[SourceDate "1999.06.08"]
[SourceVersion "1"]
[SourceVersionDate "1999.06.08"]
[SourceQuality "1"]

1. d4 e6 2. c4 Nf6 3. Nc3 Bb4 4. Qc2 O-O 5. a3 Bxc3+ 6. Qxc3 b6 7. Nf3 Bb7 8.
e3 d6 9. Bd3 (9. Be2 $5) 9... Nbd7 10. O-O c5 $5 (10... a5 11. b3 Ra7 12. Bb2
Qa8 13. Ne1 c5 14. f3 cxd4 15. Qxd4 Nc5 16. Bc2 Rd8 17. Qh4 e5 18. Rd1 Bc6 19.
f4 Be4 20. fxe5 dxe5 21. Bxe4 Ncxe4 22. Rxd8+ Qxd8 23. Bxe5 $16 {1/2-1/2
Pogorelov,R-Suba,M/Ibercaja-A 1996 (41)}) (10... Ne4 $5 11. Qc2 f5 12. Nd2 Qh4
13. f3 Nxd2 14. Bxd2 Rf6 15. Be1 Qh6 16. Qe2 e5 17. Bc3 Re8 18. Bc2 Qh5 19. Ba4
Qf7 {1/2-1/2 Huss,A-Razuvaev,Y/Bern op 1998 (19)}) 11. b3 $5 (11. b4 cxd4 12.
Nxd4 Ne5 13. Be2 Rc8 14. Qb3 d5 15. cxd5 Bxd5 $11 {1/2-1/2 Kozul,Z-Jukic,M/
Cetinje tt 1990 (62)}) 11... Rc8 12. Bb2 cxd4 (12... d5 13. Rfd1 Qe7 14. Qd2
Rfd8 15. Qe2 cxd4 16. exd4 Nf8 17. a4 Ng6 $13 {1-0 Alvarado,F-Kurajica,M/Palma
de Mallorca op 1995 (54)}) 13. Nxd4 {N/} (13. exd4 $6 Bxf3 14. gxf3 Nh5 (14...
b5 $5) 15. Qd2 Qf6 16. Bc1 e5 $36 {0-1 Raeber,M-Wirthensohn,H/Zuerich op 1993 
(28)}) 13... Nc5 14. Be2 (14. Be2 e5 15. Nf3 $13) 14... e5 $1 15. Nf3 (15. Nf5
Nfe4 (15... Qd7 16. Ng3) 16. Qc2 Qg5 17. Ng3 Nxg3 18. hxg3 d5 $11) 15... Nfe4 (
15... b5 $5 16. cxb5 $140 Na4 {[%csl Rb2,Rc3]}) 16. Qc2 Ng5 17. Nd2 (17. Ne1 $5
Nh3+ 18. Kh1 (18. gxh3 Qg5+ 19. Bg4 f5 20. f4 exf4 21. exf4 Qg6) 18... Qh4 19.
f3 Ng5 $13) 17... Nge4 $1 $11 18. Nxe4 $6 (18. Nf3 $11) (18. Bd1 Qg5 $36 (18...
b5 $5)) (18. Rad1 Nxd2 19. Rxd2 Qg5 20. g3 Ne4 $13) 18... Bxe4 19. Qc3 Qg5 20.
f3 Bd3 $1 21. f4 $6 {[%csl Re4]} (21. Rf2 $5 $11 Qxe3 $140 $2 22. b4 $18) 21...
Qg6 22. Bxd3 Qxd3 (22... Nxd3 $4 23. f5 $18) 23. Rab1 $5 (23. fxe5 Qxc3 24.
Bxc3 dxe5 25. Rab1 Rfd8 26. Bxe5 Rd3 $15) 23... f6 $1 {[%csl Rb2]} 24. Rfd1 Qf5
(24... Qe4 $5) 25. fxe5 fxe5 26. Qd2 $1 Rf6 27. Rf1 Qd3 $1 28. Qxd3 Nxd3 29.
Rxf6 $6 (29. Rfd1 Nc5 $15 {[%csl Rb2,Gc5,Re4]}) 29... gxf6 30. Kf1 Kf7 31. Ke2
Nc5 32. Bc3 Rg8 $1 33. g3 (33. Kf3 $5) 33... Ke6 34. Bb4 Ne4 35. Kf3 f5 {
[%cal Gg8g4,Gh7h4]} 36. a4 a5 37. Be1 h5 $17 38. b4 axb4 39. Bxb4 (39. Rxb4 Ra8
40. h3 (40. Rxb6 Rxa4 41. Rb4 Ra2 $19) 40... Ng5+ $5 (40... Ra6 41. g4 hxg4+
42. hxg4 Nc5 43. gxf5+ Kxf5 $17 {[%csl Ra4]}) 41. Kg2 Ra6 {[%cal Gg5e4,Ge4c5]})
39... Ra8 $138 40. Ra1 $138 Rc8 41. Rc1 Kf6 {[%cal Rd6d5,Gc8c1]} 42. h3 d5 43.
g4 Rxc4 (43... fxg4+ 44. hxg4 h4 45. Be1 Kg5 46. Bb4) 44. Rxc4 dxc4 45. gxf5 $2
$138 {Much stronger was} (45. gxh5 $142 {but both we had big time troubles
something like from move 30 and hadn,t idea that we made 40 moves- we suspect
it , but and Leonid and me believed in our blitz skill. Alas...} Kg5 (45...
Ng5+ 46. Ke2 Nxh3 $2 47. Bd6 {[%csl Rb6]}) 46. Bf8 $1 Kxh5 (46... c3 47. Ke2 c2
48. Ba3 f4 49. exf4+ exf4 50. Bc1 $11) (46... Nc3 47. h6 Kg6 48. Bd6 e4+ (48...
Nxa4 49. Bxe5 b5 50. e4 $11) 49. Kf4) 47. Bg7 c3 48. Bxe5 c2 49. Bb2 Nc5 50.
Ke2 (50. Ba3 Nxa4 (50... Nd3 51. e4 fxe4+ 52. Kxe4 c1=Q 53. Bxc1 Nxc1 54. Kd5
$11) 51. Ke2)) 45... Kxf5 $19 {Now everything is very simple} 46. Ke2 Ke6 47.
a5 bxa5 48. Bxa5 Ng5 49. h4 Ne4 50. Kf3 Kf5 51. Ke2 Kg4 52. Bc7 Kxh4 53. Bxe5
Kg4 (53... Kg4 54. Bc7 h4 55. Be5 h3 56. Bh2 c3 57. Kd3 Kf3 $19) 0-1